Dr. S. R. Lasker Library Online Catalogue

Home      Library Home      Institutional Repository      E-Resources      MyAthens      EWU Home

Memorandum for Bangladesh development Forum 2002-2003 / (Record no. 132)

MARC details
000 -LEADER
fixed length control field 01050nam a2200289Ia 4500
001 - CONTROL NUMBER
control field 132
003 - CONTROL NUMBER IDENTIFIER
control field BD-DhEWU
005 - DATE AND TIME OF LATEST TRANSACTION
control field 20181127193534.0
008 - FIXED-LENGTH DATA ELEMENTS--GENERAL INFORMATION
fixed length control field 110604s2002 bg 000 0 e d
035 ## - SYSTEM CONTROL NUMBER
System control number (OCoLC)
040 ## - CATALOGING SOURCE
Original cataloging agency BD-DhEWU
Modifying agency BD-DhEWU
Language of cataloging eng
Transcribing agency BD-DhEWU
041 ## - LANGUAGE CODE
Language code of text/sound track or separate title eng
082 04 - DEWEY DECIMAL CLASSIFICATION NUMBER
Classification number 338. 0595492
Item number MEM 2002
Edition number 22
110 ## - MAIN ENTRY--CORPORATE NAME
Corporate name or jurisdiction name as entry element Ministry of finance and MInistry of Planning ; Economic Relations Divisions and Planning Commission,
9 (RLIN) 4965
245 10 - TITLE STATEMENT
Title Memorandum for Bangladesh development Forum 2002-2003 /
260 ## - PUBLICATION, DISTRIBUTION, ETC. (IMPRINT)
Place of publication, distribution, etc Dhaka :
Name of publisher, distributor, etc Ministry of Finance and Ministry of Planning ; GOB,
Date of publication, distribution, etc c2002.
300 ## - PHYSICAL DESCRIPTION
Extent vi, 64 :
Other physical details ill ;
Dimensions 29 cm.
526 ## - STUDY PROGRAM INFORMATION NOTE
Program name Sociology
590 ## - LOCAL NOTE (RLIN)
Local note Shaharima Parvin
651 ## - SUBJECT ADDED ENTRY--GEOGRAPHIC NAME
Geographic name Bangladesh
9 (RLIN) 4966
653 #1 - INDEX TERM--UNCONTROLLED
Uncontrolled term Ecnomics
Uncontrolled term Economic development Economic conditions Economic policy Poverty
655 ## - INDEX TERM--GENRE/FORM
Genre/form data or focus term Periodicals
9 (RLIN) 17644
856 42 - ELECTRONIC LOCATION AND ACCESS
Materials specified WorldCat details
Uniform Resource Identifier http://www.worldcat.org/search?q=Memorandum+for+Bangladesh+development+Forum+2002-2003+&qt=owc_search
942 ## - ADDED ENTRY ELEMENTS (KOHA)
Koha item type Text
Source of classification or shelving scheme Dewey Decimal Classification
Holdings
Withdrawn status Lost status Source of classification or shelving scheme Damaged status Not for loan Collection code Home library Current library Shelving location Date acquired Source of acquisition Cost, normal purchase price Total Checkouts Full call number Barcode Copy number Koha item type
    Dewey Decimal Classification   Not For Loan Non-fiction Dr. S. R. Lasker Library, EWU Dr. S. R. Lasker Library, EWU Reserve Section 14/05/2003 Karim International 415.00   338. 0595492 MEM 2002 11375 C-1 Text
    Dewey Decimal Classification     Non-fiction Dr. S. R. Lasker Library, EWU Dr. S. R. Lasker Library, EWU Circulation Section 14/05/2003 Karim International 415.00   338. 0595492 MEM 2002 11380 C-6 Text
    Dewey Decimal Classification     Non-fiction Dr. S. R. Lasker Library, EWU Dr. S. R. Lasker Library, EWU Circulation Section 14/05/2003 Karim International 415.00   338. 0595492 MEM 2002 11383 C-9 Text
    Dewey Decimal Classification   Not For Loan Non-fiction Dr. S. R. Lasker Library, EWU Dr. S. R. Lasker Library, EWU Reserve Section 14/05/2003 Karim International 415.00   338. 0595492 MEM 2002 11376 C-2 Text
    Dewey Decimal Classification   Not For Loan Non-fiction Dr. S. R. Lasker Library, EWU Dr. S. R. Lasker Library, EWU Reserve Section 14/05/2003 Karim International 415.00   338. 0595492 MEM 2002 11377 C-3 Text
    Dewey Decimal Classification     Non-fiction Dr. S. R. Lasker Library, EWU Dr. S. R. Lasker Library, EWU Circulation Section 14/05/2003 Karim International 415.00   338. 0595492 MEM 2002 11378 C-4 Text
    Dewey Decimal Classification     Non-fiction Dr. S. R. Lasker Library, EWU Dr. S. R. Lasker Library, EWU Circulation Section 14/05/2003 Karim International 415.00   338. 0595492 MEM 2002 11379 C-5 Text
    Dewey Decimal Classification     Non-fiction Dr. S. R. Lasker Library, EWU Dr. S. R. Lasker Library, EWU Circulation Section 14/05/2003 Karim International 415.00   338. 0595492 MEM 2002 11381 C-7 Text
    Dewey Decimal Classification     Non-fiction Dr. S. R. Lasker Library, EWU Dr. S. R. Lasker Library, EWU Circulation Section 14/05/2003 Karim International 415.00   338. 0595492 MEM 2002 11382 C-8 Text
    Dewey Decimal Classification     Non-fiction Dr. S. R. Lasker Library, EWU Dr. S. R. Lasker Library, EWU Circulation Section 14/05/2003 Karim International 415.00   338. 0595492 MEM 2002 11384 C-10 Text